000 00267 a2200145 4500
001 175632
020 _a
040 _cMagnum
100 _a-
240 1 0 _aRondaiberia
_lpor
245 1 0 _aRondaiberia
362 0 _a1899
697 _aMAGNITO: GERAL
942 _cBK
999 _c175632
_d175632